| 000 | 01124nam a2200313 i 4500 | ||
|---|---|---|---|
| 003 | DO-SdBNP | ||
| 005 | 20250311105346.0 | ||
| 007 | ta | ||
| 008 | 250310b2024 dr ||||| |||| 00| 0 spa d | ||
| 020 | _a9789945510690 | ||
| 040 |
_aDO-SdBNP _bspa _cBNPHU _erda |
||
| 041 | _aspa | ||
| 082 | 4 |
_aRD863.44 _bM917c _222 |
|
| 100 | 1 |
_aMota Álvarez, Denis, _d1952- _eautor _4aut. _911007 |
|
| 245 | 1 | 0 |
_aA Carolina le encanta bailar/ _cDenis Mota Álvarez ; corrección, María del Carmen Vicente. |
| 264 | 4 |
_aSanto Domingo : _bEditora Nacional, _c©2024. |
|
| 300 |
_a162 páginas ; _c21 cm. |
||
| 336 |
_atexto _btxt _2rdacontent |
||
| 337 |
_asin mediación _bn _2rdamedia |
||
| 338 |
_avolumen _bnc _2rdacarrier |
||
| 500 | _aIncluye datos biográficos del autor en la solapa de la cubierta | ||
| 586 | _aPremio Anual de Cuento José Ramón López 2023. | ||
| 590 | _aInventariado, 2025/BT | ||
| 650 | 7 |
_aCuentos dominicanos _2LEMB |
|
| 650 | 7 |
_aLiteratura dominicana _2LEMB |
|
| 700 | 1 |
_aVicente, María del Carmen, _ecorrector _4corr. _957201 |
|
| 910 | _aBtavárez/Validado. Control de calidad MFF | ||
| 942 |
_2ddc _cLBS1 |
||
| 999 |
_c58369 _d58369 |
||